| 000 | 01051nam a22003377a 4500 | ||
|---|---|---|---|
| 003 | CHAP | ||
| 005 | 20220329133850.0 | ||
| 008 | 971013s1965 r 00010 d | ||
| 010 | _a11987 | ||
| 011 | _a12959 | ||
| 035 | _a17029 | ||
| 040 | _cCHAP | ||
| 082 |
_a631.411 _bB3 |
||
| 100 | 0 | 0 |
_aBartholomew, W. V. _910622 |
| 245 | _aSoil nitrogen | ||
| 260 |
_aMadison : _bAmerican Society of Agronomy, _c1965 |
||
| 300 | _a615 p. | ||
| 490 |
_aAgronomy _v; 10 |
||
| 590 |
_aBATCH-UPD _b10 _c20130110 _lUCH01 _h0041 |
||
| 590 |
_aBATCH-UPD _b10 _c20130110 _lUCH01 _h1940 |
||
| 590 |
_aBATCH-UPD _b10 _c20130409 _lUCH01 _h2027 |
||
| 590 |
_aBATCH-UPD _b10 _c20130914 _lUCH01 _h1935 |
||
| 590 |
_aCONVERSION _b10 _c20130109 _lUCH01 _h1308 |
||
| 650 | 1 | 4 |
_aSuelos _xNitrĂ³geno en. _9110451 |
| 700 | 0 |
_aClark, Francis E. _923612 |
|
| 830 | 0 |
_aAgronomy _v; 10 _92198 |
|
| 901 | _aBK | ||
| 942 | _cLIBRO | ||
| 949 |
_a631.411 B3 _bBC _cLIBRO _d33724000067807 _eLIBRO _fc.2 _h29031 _i17029 _si |
||
| 949 |
_a631.411 B3 _bBC _cLIBRO _d33724000067815 _eLIBRO _h17066 _i17029 _si |
||
| 999 |
_c11987 _d11987 |
||